00455nam a2200145Ia 4500008004100000020001800041082001900059100003200078245007500110250000600185260002700191300001100218500004100229650003900270120629s9999 xx 000 0 und d a970-10-3809-6 a346.7202 T813c aTreviño García, Ricardo aLos contratos civiles y sus generalidades / Ricardo Treviño García a6 aMéxico : McGraw-Hill a1037 p aBibliografía, epílogo e índice a1. CONTRATOS-MEXICO-LEGISLACIONÌ